000 01375nam a22002177a 4500
005 20210325204544.0
008 s2552 th tha d
020 _a9789749536469
041 _atha
050 _aPN4193.K5 ภ671พ 2552
245 1 0 _aพระบรมราโชวาทและพระราชดำรัสพระบาทสมเด็จพระปรมินทรมหาภูมิพลอดุลยเดชเกี่ยวกับศาสนาและศีลธรรม
260 3 _aกรุงเทพฯ :
_bโรงพิมพ์ชุมนุมสหกรณ์การเกษตรแห่งประเทศไทย,
_c2552
300 _a99 หน้า :
_b ภาพประกอบ ;
_c 26 ซม.
500 _aบ22929
650 0 4 _aภูมิพลอดุลยเดช, พระบาทสมเด็จพระเจ้าอยู่หัว -- พระบรมราโชวาท
650 0 4 _aภูมิพลอดุลยเดช, พระบาทสมเด็จพระเจ้าอยู่หัว -- พระราชดำรัส
850 _aNALT
942 _cGB
997 _c000000000061163
998 _aนางสาวจำเรียง ประสงค์ดี
999 _c61163
_d61163